Eurovision Song Lyrics - Switzerland - Statistics

General Stats
  • This quiz has been taken 23 times
  • The average score is 164 of 216
Answer Stats
Answer % Correct
a
100%
be
100%
do
100%
do,
100%
don't
100%
I
100%
When
100%
when
100%
No
94%
No,
94%
no,
94%
soldier,
94%
soldier
94%
wanna
94%
guns
89%
play
89%
real
89%
to
89%
turn
89%
water
89%
we
89%
We
89%
What
89%
with
89%
have
83%
and
78%
were
78%
We're
78%
Where
78%
blood
72%
Can't
72%
go?
72%
go,
72%
now
72%
playin'
72%
Playin'
72%
Just
67%
on
67%
the
67%
we've
67%
ain't
61%
become
61%
become...
61%
'Cause
61%
Not
61%
bags
56%
body
56%
boys
56%
pretend
56%
that
50%
Army
44%
army
44%
men
44%
played
44%
standin'
44%
tanks
44%
bulletproof
39%
dream
39%
frontline
39%
Nothin'
39%
run
39%
yes,
39%
you‘re
39%
hurts
33%
remember,
33%
breaking
28%
Hide
28%
kings
28%
rules
28%
seek
28%
Grow
22%
oh-oh...)
11%
Adolescencе,
0%
bеcome
0%
(Ooh-oh-oh-oh-oh-oh-oh...)
0%
(Ooh-oh-oh-oh-oh-oh-oh...,
0%
No matching quizzes found
Score Distribution
Percent of People with Each Score
Percentile by Number Answered
Your Score History
You have not taken this quiz